La conciencia y el derecho

I tiakina i:
Ngā taipitopito rārangi puna kōrero
Kaituhi matua: Dalla Via, Alberto Ricardo (Author)
Hōputu: Pukapuka
Reo:Pāniora
I whakaputaina: Buenos Aires Belgrano 1998
Ngā marau:
Ngā Tūtohu: Tāpirihia he Tūtohu
Kāore He Tūtohu, Me noho koe te mea tuatahi ki te tūtohu i tēnei pūkete!

MARC

LEADER 00000nam a2200000 a 4500
001 UCP6561
003 CL-VaPUC
008 991029e19980000AG |||||||||||||||||spa|d
082 0 4 |a 340.112  |b DAL  |2 21 
100 0 |a Dalla Via, Alberto Ricardo  |e author  |9 435699 
245 1 3 |a La conciencia y el derecho 
300 |a 330 p 
942 |c BK 
945 |d 19991029 00:00:00  |a vberengu 
260 |a Buenos Aires  |b Belgrano  |c 1998 
650 0 |a Conciencia  |9 309452 
650 7 |a DERECHO CONSTITUCIONAL ARGENTINO  |2 CL-VaPUC  |9 435700 
650 0 |a Derecho positivo  |9 255911 
650 0 |a Ordenamiento jurídico   |9 355371 
651 0 |a Argentina  |9 254888 
583 |a last modification  |c 19991029 00:00:00  |k Rodrigo Vera 
999 |c 284070  |d 284068 
952 |0 0  |1 0  |4 0  |6 340_112000000000000_DAL_1998  |7 0  |8 DER_TF  |9 327807  |a BIBDER  |b BIBDER  |d 2019-11-20  |i 3572307  |o 340.112 DAL 1998  |p 3572307  |r 2023-01-25  |w 2019-11-20  |x Ubicación 4to Piso  |y BK  |z Estos recursos deben solicitarse con anticipación  |k DER